[Event "31st Klatovy A 2025"]
[Site "Klatovy CZE"]
[Date "2025.07.05"]
[Round "8.2"]
[White "Pirklova, Hana"]
[Black "Slovak, Kilian"]
[Result "0-1"]
[WhiteElo "2048"]
[BlackElo "2349"]
[PlyCount "80"]
[EventDate "2025.06.28"]
[EventType "swiss"]
[EventRounds "9"]
[EventCountry "CZE"]

1. e4 {[%emt 0:00:02]} c5 {[%emt 0:00:20]} 2. Nf3 {[%emt 0:00:09]} Nc6 {[%emt 0:00:12]} 3. d4 {[%emt 0:00:14]} cxd4 {[%emt 0:00:15]} 4. Nxd4 {[%emt 0:00:06]} Nf6 {[%emt 0:00:08]} 5. Nc3 {[%emt 0:01:31]} d6 {[%emt 0:00:08]} 6. Be2 {[%emt 0:01:07]} g6 {[%emt 0:00:07]} 7. O-O {[%emt 0:04:51]} Bg7 {[%emt 0:00:09]} 8. Nb3 {[%emt 0:03:15]} O-O {[%emt 0:00:09]} 9. f4 {[%emt 0:03:59]} Be6 {[%emt 0:02:54]} 10. Bf3 {[%emt 0:01:18]} Rc8 {[%emt 0:06:50]} 11. Be3 {[%emt 0:07:42]} Nd7 {[%emt 0:00:44]} 12. Nd4 {[%emt 0:35:08]} Nxd4 {[%emt 0:05:21]} 13. Bxd4 {[%emt 0:00:07]} Bxd4+ {[%emt 0:00:07]} 14. Qxd4 {[%emt 0:00:07]} Qb6 {[%emt 0:00:11]} 15. Qxb6 {[%emt 0:04:06]} Nxb6 {[%emt 0:00:31]} 16. Rf2 {[%emt 0:02:11]} Rc5 {[%emt 0:03:34]} 17. Nd1 {[%emt 0:06:40]} Rfc8 {[%emt 0:01:51]} 18. c3 {[%emt 0:02:27]} Ra5 {[%emt 0:00:23]} 19. a3 {[%emt 0:01:11]} Na4 {[%emt 0:01:08]} 20. b4 {[%emt 0:07:35]} Ra6 {[%emt 0:07:00]} 21. Be2 {[%emt 0:04:56]} Bc4 {[%emt 0:01:44]} 22. Bg4 {[%emt 0:00:10]} Rc7 {[%emt 0:00:42]} 23. Ne3 {[%emt 0:03:43]} Rac6 {[%emt 0:06:14]} 24. Rc1 {[%emt 0:12:32]} Bb3 {[%emt 0:02:24]} 25. c4 {[%emt 0:01:27]} Bxc4 {[%emt 0:02:01]} 26. Nxc4 {[%emt 0:00:47]} Rxc4 {[%emt 0:00:15]} 27. Re1 {[%emt 0:03:05]} Rc1 {[%emt 0:02:46]} 28. Kf1 {[%emt 0:04:09]} R7c3 {[%emt 0:02:29]} 29. Rf3 {[%emt 0:02:49]} Kf8 {[%emt 0:11:14]} 30. Rxc1 {[%emt 0:08:02]} Rxc1+ {[%emt 0:00:03]} 31. Ke2 {[%emt 0:00:41]} Rc2+ {[%emt 0:00:21]} 32. Kf1 {[%emt 0:00:05]} Ke8 {[%emt 0:05:36]} 33. h4 {[%emt 0:02:26]} h5 {[%emt 0:05:25]} 34. Bh3 {[%emt 0:00:04]} Rc4 {[%emt 0:00:08]} 35. Re3 {[%emt 0:00:15]} Nc3 {[%emt 0:00:21]} 36. f5 {[%emt 0:01:55]} Nxe4 {[%emt 0:03:37]} 37. fxg6 {[%emt 0:00:12]} fxg6 {[%emt 0:00:05]} 38. Be6 {[%emt 0:00:07]} Rd4 {[%emt 0:00:49]} 39. Ke1 {[%emt 0:01:09]} b6 {[%emt 0:02:03]} 40. g3 {[%emt 0:02:16]} Nxg3 {[%emt 0:02:17]} 0-1

[Event "31st Klatovy A 2025"]
[Site "Klatovy CZE"]
[Date "2025.07.05"]
[Round "8.3"]
[White "Hosnedl, Jiri"]
[Black "Jun, Rudolf"]
[Result "0-1"]
[WhiteElo "1985"]
[BlackElo "2279"]
[PlyCount "128"]
[EventDate "2025.06.28"]
[EventType "swiss"]
[EventRounds "9"]
[EventCountry "CZE"]

1. d4 {[%emt 0:00:02]} Nf6 {[%emt 0:01:25]} 2. c4 {[%emt 0:00:11]} c6 {[%emt 0:00:15]} 3. Nf3 {[%emt 0:02:14]} g6 {[%emt 0:00:48]} 4. g3 {[%emt 0:01:30]} Bg7 {[%emt 0:00:21]} 5. Bg2 {[%emt 0:00:24]} O-O {[%emt 0:00:12]} 6. Nc3 {[%emt 0:01:57]} d6 {[%emt 0:01:29]} 7. e4 {[%emt 0:02:30]} Qc7 {[%emt 0:02:28]} 8. h3 {[%emt 0:02:31]} e5 {[%emt 0:00:23]} 9. Be3 {[%emt 0:05:31]} Nbd7 {[%emt 0:02:32]} 10. dxe5 {[%emt 0:05:04]} dxe5 {[%emt 0:00:47]} 11. O-O {[%emt 0:00:27]} Rd8 {[%emt 0:07:28]} 12. Qc2 {[%emt 0:01:50]} Nf8 {[%emt 0:01:17]} 13. Rfd1 {[%emt 0:03:05]} Be6 {[%emt 0:00:48]} 14. b3 {[%emt 0:02:01]} h6 {[%emt 0:00:51]} 15. Na4 {[%emt 0:07:14]} b6 {[%emt 0:08:44]} 16. Ne1 {[%emt 0:07:54]} Nh5 {[%emt 0:03:37]} 17. Rxd8 {[%emt 0:06:33]} Rxd8 {[%emt 0:02:04]} 18. Rd1 {[%emt 0:00:49]} Rxd1 {[%emt 0:00:39]} 19. Qxd1 {[%emt 0:00:10]} Nd7 {[%emt 0:02:07]} 20. Nb2 {[%emt 0:02:02]} Kh7 {[%emt 0:04:20]} 21. Nc2 {[%emt 0:07:25]} Bf8 {[%emt 0:03:12]} 22. a3 {[%emt 0:07:53]} b5 {[%emt 0:02:15]} 23. Qd3 {[%emt 0:08:15]} a6 {[%emt 0:05:02]} 24. Kh2 {[%emt 0:05:42]} Nc5 {[%emt 0:03:39]} 25. Qc3 {[%emt 0:02:45]} Nd7 {[%emt 0:03:33]} 26. cxb5 {[%emt 0:05:13]} axb5 {[%emt 0:00:05]} 27. Bf1 {[%emt 0:02:30]} Qb7 {[%emt 0:02:48]} 28. Nd3 {[%emt 0:06:44]} c5 {[%emt 0:03:46]} 29. Nxc5 {[%emt 0:04:11]} Bxc5 {[%emt 0:01:53]} 30. Bxc5 {[%emt 0:00:31]} Nxc5 {[%emt 0:00:24]} 31. Qxc5 {[%emt 0:00:07]} Qxe4 {[%emt 0:00:09]} 32. Bg2 {[%emt 0:01:51]} Qe2 {[%emt 0:01:17]} 33. Nb4 {[%emt 0:06:57]} Bxb3 {[%emt 0:07:46]} 34. Nc6 {[%emt 0:01:03]} e4 {[%emt 0:03:54]} 35. Na5 {[%emt 0:06:56]} Be6 {[%emt 0:02:18]} 36. Nb7 {[%emt 0:01:03]} Nf6 {[%emt 0:02:58]} 37. Nd6 {[%emt 0:01:50]} Qd3 {[%emt 0:04:34]} 38. Nxb5 {[%emt 0:06:44]} e3 {[%emt 0:06:05]} 39. fxe3 {[%emt 0:02:07]} Bd5 {[%emt 0:06:40]} 40. Nc3 {[%emt 0:02:20]} Bxg2 {[%emt 0:03:41]} 41. Kxg2 {[%emt 0:00:06]} Qd2+ {[%emt 0:00:25]} 42. Kf3 {[%emt 0:01:56]} Qc1 {[%emt 0:00:39]} 43. Kg2 {[%emt 0:01:23]} Qd2+ {[%emt 0:00:50]} 44. Kf3 {[%emt 0:01:19]} Qe1 {[%emt 0:00:35]} 45. Qc4 {[%emt 0:01:12]} Kg7 {[%emt 0:00:29]} 46. a4 {[%emt 0:00:26]} Qh1+ {[%emt 0:00:51]} 47. Ke2 {[%emt 0:00:50]} Qg2+ {[%emt 0:00:37]} 48. Kd1 {[%emt 0:00:28]} Qf3+ {[%emt 0:00:33]} 49. Kc2 {[%emt 0:00:35]} Qxe3 {[%emt 0:00:26]} 50. Qd3 {[%emt 0:00:30]} Qf2+ {[%emt 0:01:18]} 51. Kb3 {[%emt 0:00:30]} Qb6+ {[%emt 0:00:03]} 52. Kc2 {[%emt 0:00:32]} Nh5 {[%emt 0:04:25]} 53. Ne2 {[%emt 0:00:36]} Kg8 {[%emt 0:01:00]} 54. Qc3 {[%emt 0:00:29]} Qa6 {[%emt 0:01:46]} 55. Kd2 {[%emt 0:00:36]} Qxa4 {[%emt 0:00:29]} 56. Qc8+ {[%emt 0:00:21]} Kg7 {[%emt 0:01:41]} 57. Qc3+ {[%emt 0:00:14]} Nf6 {[%emt 0:00:50]} 58. h4 {[%emt 0:00:36]} Qd7+ {[%emt 0:01:10]} 59. Ke1 {[%emt 0:00:43]} Qf5 {[%emt 0:00:15]} 60. Nf4 {[%emt 0:00:38]} Kh7 {[%emt 0:00:30]} 61. Ne2 {[%emt 0:00:23]} Ng4 {[%emt 0:02:22]} 62. Qd4 {[%emt 0:00:39]} Ne5 {[%emt 0:00:04]} 63. Qe3 {[%emt 0:00:32]} Qb1+ {[%emt 0:01:13]} 64. Qc1 {[%emt 0:00:23]} Nd3+ {[%emt 0:00:03]} 0-1

[Event "31st Klatovy A 2025"]
[Site "Klatovy CZE"]
[Date "2025.07.05"]
[Round "8.4"]
[White "Janous, Marek"]
[Black "Kroulik, Vaclav"]
[Result "1-0"]
[WhiteElo "2220"]
[BlackElo "2088"]
[PlyCount "93"]
[EventDate "2025.06.28"]
[EventType "swiss"]
[EventRounds "9"]
[EventCountry "CZE"]

1. e4 {[%emt 0:00:17]} c5 {[%emt 0:00:11]} 2. Nf3 {[%emt 0:00:09]} d6 {[%emt 0:00:07]} 3. c3 {[%emt 0:01:44]} Nf6 {[%emt 0:00:15]} 4. h3 {[%emt 0:00:19]} Bd7 {[%emt 0:01:23]} 5. Bd3 {[%emt 0:00:41]} Nc6 {[%emt 0:02:46]} 6. O-O {[%emt 0:00:17]} g6 {[%emt 0:10:50]} 7. Bc2 {[%emt 0:00:49]} Bg7 {[%emt 0:00:09]} 8. d4 {[%emt 0:00:17]} cxd4 {[%emt 0:00:11]} 9. cxd4 {[%emt 0:00:02]} O-O {[%emt 0:11:24]} 10. Nc3 {[%emt 0:02:37]} e5 {[%emt 0:06:44]} 11. Be3 {[%emt 0:04:51]} Qe7 {[%emt 0:02:07]} 12. Rc1 {[%emt 0:08:21]} exd4 {[%emt 0:07:36]} 13. Nxd4 {[%emt 0:01:03]} a6 {[%emt 0:02:09]} 14. Nde2 {[%emt 0:08:28]} Ne5 {[%emt 0:16:38]} 15. b3 {[%emt 0:18:46]} Bc6 {[%emt 0:06:58]} 16. Qd2 {[%emt 0:05:34]} Rfe8 {[%emt 0:05:28]} 17. Rfd1 {[%emt 0:04:12]} Bf8 {[%emt 0:03:12]} 18. Nd4 {[%emt 0:12:24]} Bd7 {[%emt 0:13:19]} 19. Bg5 {[%emt 0:02:23]} Bc6 {[%emt 0:03:15]} 20. Nxc6 {[%emt 0:03:37]} bxc6 {[%emt 0:00:38]} 21. Bb1 {[%emt 0:01:20]} Rac8 {[%emt 0:05:07]} 22. Na4 {[%emt 0:12:08]} Qe6 {[%emt 0:05:59]} 23. Nb6 {[%emt 0:04:37]} Rb8 {[%emt 0:01:00]} 24. Qa5 {[%emt 0:03:09]} h6 {[%emt 0:09:29]} 25. Be3 {[%emt 0:02:34]} c5 {[%emt 0:01:17]} 26. Nd5 {[%emt 0:06:37]} Nxd5 {[%emt 0:01:09]} 27. exd5 {[%emt 0:00:46]} Qc8 {[%emt 0:00:42]} 28. Qd2 {[%emt 0:01:09]} Kh7 {[%emt 0:01:30]} 29. f4 {[%emt 0:03:37]} Nd7 {[%emt 0:00:17]} 30. f5 {[%emt 0:01:03]} Nf6 {[%emt 0:02:25]} 31. fxg6+ {[%emt 0:01:12]} fxg6 {[%emt 0:00:01]} 32. Rc4 {[%emt 0:02:26]} Rb4 {[%emt 0:02:58]} 33. Qc2 {[%emt 0:00:46]} Rxe3 {[%emt 0:03:27]} 34. Qxg6+ {[%emt 0:00:14]} Kh8 {[%emt 0:00:03]} 35. Qxf6+ {[%emt 0:00:09]} Bg7 {[%emt 0:00:04]} 36. Qg6 {[%emt 0:00:40]} Qg8 {[%emt 0:00:24]} 37. Rxb4 {[%emt 0:00:57]} cxb4 {[%emt 0:00:01]} 38. Kh1 {[%emt 0:01:02]} Bf8 {[%emt 0:01:13]} 39. Qf6+ {[%emt 0:02:53]} Qg7 {[%emt 0:00:32]} 40. Qf4 {[%emt 0:00:27]} Qe7 {[%emt 0:01:29]} 41. Qxb4 {[%emt 0:03:49]} Qe5 {[%emt 0:00:14]} 42. Rf1 {[%emt 0:01:00]} Be7 {[%emt 0:01:10]} 43. Qb8+ {[%emt 0:01:36]} Kg7 {[%emt 0:00:02]} 44. Qe8 {[%emt 0:00:33]} Rxh3+ {[%emt 0:00:09]} 45. gxh3 {[%emt 0:00:07]} Qxd5+ {[%emt 0:00:05]} 46. Kg1 {[%emt 0:03:28]} Qd4+ {[%emt 0:03:10]} 47. Rf2 {[%emt 0:01:17]} 1-0

[Event "31st Klatovy A 2025"]
[Site "Klatovy CZE"]
[Date "2025.07.05"]
[Round "8.5"]
[White "Vitak, Jiri"]
[Black "Lhotsky, Zdenek"]
[Result "1-0"]
[WhiteElo "2308"]
[BlackElo "1907"]
[PlyCount "71"]
[EventDate "2025.06.28"]
[EventType "swiss"]
[EventRounds "9"]
[EventCountry "CZE"]

1. d4 {[%emt 0:00:03]} Nf6 {[%emt 0:00:44]} 2. c4 {[%emt 0:00:06]} e6 {[%emt 0:00:53]} 3. Nf3 {[%emt 0:00:05]} b6 {[%emt 0:03:32]} 4. g3 {[%emt 0:01:57]} Bb7 {[%emt 0:00:50]} 5. Bg2 {[%emt 0:00:05]} Be7 {[%emt 0:01:50]} 6. O-O {[%emt 0:00:12]} O-O {[%emt 0:03:50]} 7. Nc3 {[%emt 0:00:08]} Ne4 {[%emt 0:00:47]} 8. Bd2 {[%emt 0:05:30]} f5 {[%emt 0:02:59]} 9. d5 {[%emt 0:13:24]} Bf6 {[%emt 0:12:58]} 10. Rc1 {[%emt 0:00:27]} Na6 {[%emt 0:05:52]} 11. a3 {[%emt 0:15:57]} Nac5 {[%emt 0:08:53]} 12. b4 {[%emt 0:00:10]} Nxc3 {[%emt 0:00:53]} 13. Bxc3 {[%emt 0:00:05]} Ne4 {[%emt 0:00:15]} 14. Bxf6 {[%emt 0:08:54]} Qxf6 {[%emt 0:00:44]} 15. Qb3 {[%emt 0:01:12]} c5 {[%emt 0:15:11]} 16. dxc6 {[%emt 0:14:53]} Bxc6 {[%emt 0:01:30]} 17. e3 {[%emt 0:16:26]} Rfd8 {[%emt 0:23:35]} 18. Rfd1 {[%emt 0:03:43]} d5 {[%emt 0:01:41]} 19. Nd4 {[%emt 0:02:18]} Bb7 {[%emt 0:02:06]} 20. c5 {[%emt 0:16:00]} bxc5 {[%emt 0:03:03]} 21. bxc5 {[%emt 0:00:05]} Ba6 {[%emt 0:02:12]} 22. f3 {[%emt 0:18:52]} Bc4 {[%emt 0:05:52]} 23. Qb4 {[%emt 0:00:09]} a5 {[%emt 0:01:30]} 24. Qb6 {[%emt 0:00:19]} Rdb8 {[%emt 0:02:25]} 25. Qxe6+ {[%emt 0:00:19]} Qxe6 {[%emt 0:00:12]} 26. Nxe6 {[%emt 0:00:04]} Nf6 {[%emt 0:02:10]} 27. Nd4 {[%emt 0:00:47]} g6 {[%emt 0:00:59]} 28. Bf1 {[%emt 0:00:25]} Re8 {[%emt 0:01:53]} 29. Bxc4 {[%emt 0:06:01]} dxc4 {[%emt 0:00:06]} 30. Rxc4 {[%emt 0:00:04]} Nd5 {[%emt 0:00:31]} 31. Nxf5 {[%emt 0:00:33]} Nxe3 {[%emt 0:00:47]} 32. Nxe3 {[%emt 0:00:33]} Rxe3 {[%emt 0:00:05]} 33. c6 {[%emt 0:00:28]} Rxf3 {[%emt 0:00:23]} 34. c7 {[%emt 0:00:31]} Rff8 {[%emt 0:00:06]} 35. Rd7 {[%emt 0:01:12]} Rae8 {[%emt 0:00:23]} 36. Rf4 {[%emt 0:00:37]} 1-0

[Event "31st Klatovy A 2025"]
[Site "Klatovy CZE"]
[Date "2025.07.05"]
[Round "8.6"]
[White "Kupsa, Matej 2001"]
[Black "Svadlenka, Dominik"]
[Result "1/2-1/2"]
[WhiteElo "2100"]
[BlackElo "2086"]
[PlyCount "162"]
[EventDate "2025.06.28"]
[EventType "swiss"]
[EventRounds "9"]
[EventCountry "CZE"]

1. d4 {[%emt 0:00:43]} Nf6 {[%emt 0:00:06]} 2. Nf3 {[%emt 0:00:33]} d5 {[%emt 0:00:15]} 3. g3 {[%emt 0:00:52]} e6 {[%emt 0:00:11]} 4. Bg2 {[%emt 0:00:07]} Be7 {[%emt 0:00:04]} 5. O-O {[%emt 0:00:07]} O-O {[%emt 0:00:03]} 6. c4 {[%emt 0:00:06]} dxc4 {[%emt 0:00:03]} 7. Ne5 {[%emt 0:00:06]} Nc6 {[%emt 0:00:09]} 8. Bxc6 {[%emt 0:00:17]} bxc6 {[%emt 0:00:03]} 9. Nxc6 {[%emt 0:00:07]} Qe8 {[%emt 0:00:02]} 10. Nxe7+ {[%emt 0:00:10]} Qxe7 {[%emt 0:00:04]} 11. Qa4 {[%emt 0:00:08]} e5 {[%emt 0:00:12]} 12. dxe5 {[%emt 0:00:07]} Qxe5 {[%emt 0:00:11]} 13. Nc3 {[%emt 0:00:06]} Qe6 {[%emt 0:19:40]} 14. f3 {[%emt 0:16:08]} Bd7 {[%emt 0:21:36]} 15. Qa5 {[%emt 0:05:16]} Qb6+ {[%emt 0:03:06]} 16. Qxb6 {[%emt 0:00:59]} cxb6 {[%emt 0:00:28]} 17. Bg5 {[%emt 0:00:42]} Bc6 {[%emt 0:07:27]} 18. Bxf6 {[%emt 0:04:54]} gxf6 {[%emt 0:00:11]} 19. Rfd1 {[%emt 0:00:28]} Rfd8 {[%emt 0:03:33]} 20. Rxd8+ {[%emt 0:05:03]} Rxd8 {[%emt 0:00:50]} 21. Rd1 {[%emt 0:00:06]} Rxd1+ {[%emt 0:01:14]} 22. Nxd1 {[%emt 0:00:12]} Kf8 {[%emt 0:02:00]} 23. Kf2 {[%emt 0:04:54]} Ke7 {[%emt 0:04:09]} 24. Ke3 {[%emt 0:02:19]} Kd6 {[%emt 0:36:41]} 25. Kd4 {[%emt 0:00:11]} b5 {[%emt 0:00:03]} 26. Ne3 {[%emt 0:06:28]} a6 {[%emt 0:10:10]} 27. Ng4 {[%emt 0:15:03]} f5 {[%emt 0:06:48]} 28. Ne3 {[%emt 0:07:38]} Bd7 {[%emt 0:00:11]} 29. a3 {[%emt 0:02:17]} Be6 {[%emt 0:00:22]} 30. Ng2 {[%emt 0:09:49]} f6 {[%emt 0:01:14]} 31. Ne3 {[%emt 0:14:13]} h6 {[%emt 0:03:16]} 32. Nd1 {[%emt 0:02:03]} Bd5 {[%emt 0:02:31]} 33. Nf2 {[%emt 0:02:00]} Bf7 {[%emt 0:00:54]} 34. g4 {[%emt 0:02:48]} Be6 {[%emt 0:00:28]} 35. gxf5 {[%emt 0:01:20]} Bxf5 {[%emt 0:00:06]} 36. e4 {[%emt 0:00:19]} Bd7 {[%emt 0:00:34]} 37. f4 {[%emt 0:13:59]} a5 {[%emt 0:01:56]} 38. e5+ {[%emt 0:00:32]} fxe5+ {[%emt 0:00:12]} 39. fxe5+ Kc6 {[%emt 0:01:44]} 40. Ne4 {[%emt 0:02:23]} Be6 {[%emt 0:00:43]} 41. Nc5 {[%emt 0:01:06]} Bf5 {[%emt 0:00:51]} 42. a4 {[%emt 0:02:35]} c3 {[%emt 0:02:20]} 43. bxc3 {[%emt 0:00:56]} bxa4 {[%emt 0:00:13]} 44. Nxa4 {[%emt 0:00:15]} Kb5 {[%emt 0:00:13]} 45. Nb2 {[%emt 0:00:30]} a4 {[%emt 0:00:36]} 46. Nc4 {[%emt 0:03:10]} Be6 {[%emt 0:00:49]} 47. Na3+ {[%emt 0:00:12]} Kc6 {[%emt 0:00:50]} 48. c4 {[%emt 0:02:07]} Kb6 {[%emt 0:00:28]} 49. Nc2 {[%emt 0:01:07]} Bf5 {[%emt 0:01:22]} 50. Kc3 {[%emt 0:02:09]} Kc5 {[%emt 0:00:30]} 51. Nd4 {[%emt 0:00:06]} Bg4 {[%emt 0:01:01]} 52. e6 {[%emt 0:03:19]} a3 {[%emt 0:01:17]} 53. e7 {[%emt 0:02:34]} Bd7 {[%emt 0:00:06]} 54. Nb3+ {[%emt 0:01:07]} Kd6 {[%emt 0:00:07]} 55. Kb4 {[%emt 0:00:29]} a2 {[%emt 0:00:06]} 56. Ka3 {[%emt 0:00:05]} Kxe7 {[%emt 0:00:08]} 57. Kxa2 {[%emt 0:00:07]} Kf6 {[%emt 0:00:27]} 58. Ka3 {[%emt 0:00:36]} Kg5 {[%emt 0:00:17]} 59. Nd2 {[%emt 0:00:39]} Kg4 {[%emt 0:00:18]} 60. Ne4 {[%emt 0:00:16]} Kh3 {[%emt 0:00:34]} 61. Nf6 {[%emt 0:00:29]} Bc6 {[%emt 0:01:08]} 62. Kb4 {[%emt 0:00:12]} Kxh2 {[%emt 0:00:05]} 63. Ng4+ {[%emt 0:00:06]} Kg3 {[%emt 0:00:04]} 64. Nxh6 {[%emt 0:00:20]} Kf4 {[%emt 0:00:04]} 65. Kc5 {[%emt 0:00:16]} Bf3 {[%emt 0:00:33]} 66. Kd6 {[%emt 0:00:16]} Ke4 {[%emt 0:01:05]} 67. Nf7 {[%emt 0:00:39]} Kd4 {[%emt 0:00:22]} 68. c5 {[%emt 0:00:40]} Bh1 {[%emt 0:00:13]} 69. Ne5 {[%emt 0:01:16]} Bg2 {[%emt 0:00:11]} 70. Nc6+ {[%emt 0:00:22]} Kc4 {[%emt 0:00:07]} 71. Ne7 {[%emt 0:00:14]} Bh1 {[%emt 0:00:12]} 72. Nf5 {[%emt 0:00:10]} Kb4 {[%emt 0:00:27]} 73. Ne3 {[%emt 0:00:15]} Kc3 {[%emt 0:00:29]} 74. Nd1+ {[%emt 0:01:24]} Kd4 {[%emt 0:00:09]} 75. Nf2 {[%emt 0:00:06]} Bf3 {[%emt 0:00:16]} 76. Nh3 {[%emt 0:00:09]} Bh1 {[%emt 0:00:13]} 77. Nf4 {[%emt 0:00:09]} Kc4 {[%emt 0:00:16]} 78. Ne2 {[%emt 0:00:20]} Bf3 {[%emt 0:00:17]} 79. Ng3 {[%emt 0:00:25]} Bg2 {[%emt 0:00:09]} 80. Nf5 {[%emt 0:00:10]} Bh1 {[%emt 0:00:29]} 81. c6 {[%emt 0:00:17]} Bxc6 {[%emt 0:00:06]} 1/2-1/2

[Event "31st Klatovy A 2025"]
[Site "Klatovy CZE"]
[Date "2025.07.05"]
[Round "8.7"]
[White "Slaby, Matej"]
[Black "Marsalek, Zdenek"]
[Result "1/2-1/2"]
[WhiteElo "2056"]
[BlackElo "2187"]
[PlyCount "108"]
[EventDate "2025.06.28"]
[EventType "swiss"]
[EventRounds "9"]
[EventCountry "CZE"]

1. d4 {[%emt 0:00:03]} Nf6 {[%emt 0:04:21]} 2. Nf3 {[%emt 0:00:08]} e6 {[%emt 0:00:23]} 3. Nbd2 {[%emt 0:00:47]} d5 {[%emt 0:00:58]} 4. e3 {[%emt 0:00:07]} c5 {[%emt 0:00:05]} 5. c3 {[%emt 0:00:06]} Nc6 {[%emt 0:00:38]} 6. Bd3 {[%emt 0:00:07]} Qb6 {[%emt 0:00:49]} 7. O-O {[%emt 0:02:29]} Be7 {[%emt 0:00:05]} 8. dxc5 {[%emt 0:09:29]} Bxc5 {[%emt 0:00:07]} 9. e4 {[%emt 0:00:24]} a5 {[%emt 0:01:37]} 10. exd5 {[%emt 0:01:52]} Nxd5 {[%emt 0:00:53]} 11. Ne4 {[%emt 0:00:34]} Be7 {[%emt 0:00:41]} 12. c4 {[%emt 0:01:10]} Nf6 {[%emt 0:02:49]} 13. Qe2 {[%emt 0:01:05]} Bd7 {[%emt 0:01:26]} 14. Be3 {[%emt 0:01:48]} Qc7 {[%emt 0:00:13]} 15. Nc3 {[%emt 0:02:22]} Nb4 {[%emt 0:01:20]} 16. Rac1 {[%emt 0:02:05]} Bc5 {[%emt 0:04:28]} 17. Bg5 {[%emt 0:08:23]} Nxd3 {[%emt 0:05:09]} 18. Qxd3 {[%emt 0:00:07]} Bc6 {[%emt 0:00:41]} 19. Qe2 {[%emt 0:01:08]} O-O {[%emt 0:00:19]} 20. Bxf6 {[%emt 0:02:40]} gxf6 {[%emt 0:02:02]} 21. Ne4 {[%emt 0:04:21]} Be7 {[%emt 0:01:26]} 22. Nd4 {[%emt 0:00:43]} f5 {[%emt 0:05:04]} 23. Nxc6 {[%emt 0:05:37]} bxc6 {[%emt 0:00:07]} 24. Nd2 {[%emt 0:00:37]} Bf6 {[%emt 0:01:53]} 25. Rc2 {[%emt 0:01:10]} a4 {[%emt 0:01:38]} 26. c5 {[%emt 0:10:02]} Rfd8 {[%emt 0:01:35]} 27. Nc4 {[%emt 0:02:30]} Rd4 {[%emt 0:00:56]} 28. Rd1 {[%emt 0:01:06]} Qf4 {[%emt 0:10:06]} 29. g3 {[%emt 0:16:09]} Qe4 {[%emt 0:02:23]} 30. Re1 {[%emt 0:03:11]} Qxe2 {[%emt 0:02:58]} 31. Rexe2 {[%emt 0:00:05]} Rad8 {[%emt 0:00:25]} 32. Na5 {[%emt 0:01:57]} Rc8 {[%emt 0:00:13]} 33. Rc4 {[%emt 0:02:36]} Rxc4 {[%emt 0:01:22]} 34. Nxc4 {[%emt 0:01:02]} Rd8 {[%emt 0:00:13]} 35. Rc2 {[%emt 0:06:44]} Ra8 {[%emt 0:02:12]} 36. Nb6 {[%emt 0:02:59]} Ra5 {[%emt 0:00:36]} 37. Nd7 {[%emt 0:00:27]} Bd4 {[%emt 0:02:21]} 38. Nb8 {[%emt 0:01:45]} Bxc5 {[%emt 0:00:35]} 39. Nxc6 {[%emt 0:00:07]} Rb5 {[%emt 0:00:16]} 40. Rc4 {[%emt 0:02:06]} Bd6 {[%emt 0:01:44]} 41. Rc2 {[%emt 0:03:51]} f4 {[%emt 0:01:35]} 42. Kg2 {[%emt 0:00:48]} fxg3 {[%emt 0:00:23]} 43. hxg3 {[%emt 0:00:06]} Kg7 {[%emt 0:00:46]} 44. Nd4 {[%emt 0:01:26]} Rb4 {[%emt 0:00:24]} 45. Nc6 {[%emt 0:00:29]} Rb6 {[%emt 0:00:41]} 46. Kf3 {[%emt 0:00:32]} f5 {[%emt 0:00:33]} 47. Na5 {[%emt 0:00:18]} Kf6 {[%emt 0:01:23]} 48. Nc4 {[%emt 0:00:32]} Rc6 {[%emt 0:00:33]} 49. Ke2 {[%emt 0:00:49]} e5 {[%emt 0:00:23]} 50. Ne3 {[%emt 0:00:18]} Ra6 {[%emt 0:02:55]} 51. Nc4 {[%emt 0:00:49]} Ke6 {[%emt 0:01:49]} 52. Nxd6 {[%emt 0:00:44]} Kxd6 {[%emt 0:00:10]} 53. Rc4 {[%emt 0:00:47]} Kd5 {[%emt 0:01:36]} 54. Rh4 {[%emt 0:02:48]} Rb6 {[%emt 0:02:04]} 1/2-1/2

[Event "31st Klatovy A 2025"]
[Site "Klatovy CZE"]
[Date "2025.07.05"]
[Round "8.8"]
[White "Mametev, Artem"]
[Black "Honcharov, Makar"]
[Result "1-0"]
[WhiteElo "2179"]
[BlackElo "2099"]
[PlyCount "65"]
[EventDate "2025.06.28"]
[EventType "swiss"]
[EventRounds "9"]
[EventCountry "CZE"]

1. e4 {[%emt 0:16:41]} c5 {[%emt 0:00:24]} 2. Nf3 {[%emt 0:02:01]} d6 {[%emt 0:00:05]} 3. d4 {[%emt 0:00:03]} cxd4 {[%emt 0:00:04]} 4. Qxd4 {[%emt 0:00:11]} Nc6 {[%emt 0:02:12]} 5. Qe3 {[%emt 0:00:28]} Nf6 {[%emt 0:00:23]} 6. Be2 {[%emt 0:00:08]} g6 {[%emt 0:00:29]} 7. O-O {[%emt 0:00:16]} Bg7 {[%emt 0:00:04]} 8. h3 {[%emt 0:00:03]} O-O {[%emt 0:00:16]} 9. Rd1 {[%emt 0:00:03]} Qc7 {[%emt 0:02:14]} 10. c4 {[%emt 0:03:05]} Be6 {[%emt 0:03:08]} 11. Nc3 {[%emt 0:00:07]} Nd7 {[%emt 0:03:07]} 12. b3 {[%emt 0:04:32]} a6 {[%emt 0:01:52]} 13. Bb2 {[%emt 0:00:19]} Rfc8 {[%emt 0:07:44]} 14. Rab1 {[%emt 0:05:02]} Qa5 {[%emt 0:01:48]} 15. Nd5 {[%emt 0:02:39]} Bxd5 {[%emt 0:10:48]} 16. Bxg7 {[%emt 0:02:32]} Kxg7 {[%emt 0:00:38]} 17. exd5 {[%emt 0:00:06]} Nce5 {[%emt 0:00:51]} 18. Nxe5 {[%emt 0:17:40]} dxe5 {[%emt 0:00:07]} 19. Bg4 {[%emt 0:06:33]} f5 {[%emt 0:01:26]} 20. Qg5 {[%emt 0:00:05]} Kf7 {[%emt 0:00:03]} 21. Bxf5 {[%emt 0:00:25]} gxf5 {[%emt 0:01:36]} 22. Qxf5+ {[%emt 0:00:03]} Nf6 {[%emt 0:00:21]} 23. Qe6+ {[%emt 0:00:02]} Kg6 {[%emt 0:01:20]} 24. Rd3 {[%emt 0:00:43]} Qc7 {[%emt 0:07:19]} 25. Re1 {[%emt 0:03:36]} Qd6 {[%emt 0:04:43]} 26. Rg3+ {[%emt 0:06:32]} Kh6 {[%emt 0:00:34]} 27. Rxe5 {[%emt 0:12:38]} Qxe6 {[%emt 0:01:51]} 28. Rxe6 {[%emt 0:00:01]} Rc7 {[%emt 0:01:45]} 29. Rge3 {[%emt 0:00:12]} Kg5 {[%emt 0:02:01]} 30. Rxe7 {[%emt 0:11:34]} Rxe7 {[%emt 0:00:09]} 31. Rxe7 {[%emt 0:00:02]} b5 {[%emt 0:00:05]} 32. c5 {[%emt 0:01:01]} Nxd5 {[%emt 0:00:08]} 33. Re5+ {[%emt 0:00:01]} 1-0